000 00419nam a2200157 a 4500
005 20140310183208.0
008 030207s19uu xx 00 eng d
050 _aPS 3563.A319
_b.M478 1995
100 _aMcMurthy, Larry
245 _aPretty boy Floyd /
_cLarry McMurtry.
260 _aNew York :
_bPocket star book,
_c1995.
300 _a448 p. :
_c18 cm.
650 _aFiction
942 _cBK
_2lcc
999 _c20049
_d20049